000 00343nam a22001217a 4500
008 250617b |||||||| |||| 00| 0 eng d
020 _a9782900974
050 _aP 87.25
_b.C 66
245 _aCommunication and Media Studies: Multiple Perspectives
260 _aNigeria
_bNew Generation Edu care Limited
_c2020
300 _a770p
942 _cBK
999 _c3876
_d3876